Hauptstädte in der Nähe von Algier - Statistiken

Allgemein
  • Dieses Quiz wurde 118 mal gespielt
  • Das Durchschnittsergebnis liegt bei 14 aus 20
Antwortstatistiken
km Hauptstadt % Korrekt
953 Rabat
97%
720 Madrid
96%
631 Tunis
96%
1100 Lissabon
92%
993 Rom
92%
1017 Tripolis
87%
1352 Paris
85%
1026 Valletta
81%
1195 Bern
77%
1125 San Marino
76%
990 Vatikanstadt
73%
863 Monaco
71%
1275 Vaduz
62%
1476 Zagreb
57%
658 Andorra la Vella
54%
1520 Sarajevo
46%
1407 Ljubljana
44%
1457 Luxemburg
42%
1522 Podgorica
37%
1531 London
27%
Keine übereinstimmenden Quizze gefunden
Verteilung der Resultate
Anzahl Personen mit jedem Resultat
Perzentil nach korrekt beantworteten Fragen
Ihre Resultats-Entwicklung
Sie haben dieses Quiz noch nicht gespielt